| 000 | 00941 a2200265 4500 | ||
|---|---|---|---|
| 003 | Nust | ||
| 005 | 20170207153429.0 | ||
| 010 | _a 90006847 | ||
| 020 | _a0192826565 : | ||
| 040 | _cNust | ||
| 082 | 0 | 0 | _a828.809 |
| 100 | 1 | _aKipling, Rudyard, | |
| 245 | 1 | 0 |
_aWar stories and poems / _cRudyard Kipling ; edited with an introduction by Andrew Rutherford. |
| 260 |
_aOxford ; _aNew York : _bOxford University Press, _c1990. |
||
| 300 |
_axxxix, 364 p. ; _c18 cm. |
||
| 440 | 4 | _aThe World's classics | |
| 505 | _aPART-1: The Imperial Frontiers (Page-5) PART-2: The Boer War (Page-125) PART-3: The Great War (Page-225). | ||
| 538 | _aAlmirah No.59 Shelf No.1 | ||
| 650 | 0 |
_aSouth African War, 1899-1902 _xLiterary collections. |
|
| 650 | 0 | _aWar poetry, English. | |
| 650 | 0 | _aWar stories, English. | |
| 650 | 0 |
_aWar _xLiterary collections. |
|
| 650 | 0 |
_aWorld War, 1914-1918 _xLiterary collections. |
|
| 700 | 1 |
_aRutherford, Andrew, _d1929- |
|
| 942 |
_2ddc _cBK |
||
| 999 |
_c186045 _d186045 |
||